Genotype x environment interaction for yield of modern Hevea clones in India (Record no. 49285)

MARC details
000 -LEADER
fixed length control field 00671nam a2200193Ia 4500
100 ## - MAIN ENTRY--AUTHOR NAME
Personal name Meenakumari T
245 #0 - TITLE STATEMENT
Title Genotype x environment interaction for yield of modern Hevea clones in India
260 ## - PUBLICATION, DISTRIBUTION, ETC. (IMPRINT)
Name of publisher Climate Change, Low Carbon Economy and Sustainable Natural Rubber Industry: Preprints of Proceedings of IRRDB International Rubber Conference 2010, 18-19 October 2010 Sanya, Hainan, China, pp. 369-370.
650 ## - SUBJECT ADDED ENTRY--TOPICAL TERM
Topical Term GxE interaction
650 ## - SUBJECT ADDED ENTRY--TOPICAL TERM
Topical Term Yield
700 ## - ADDED ENTRY--PERSONAL NAME
Personal name Das G
700 ## - ADDED ENTRY--PERSONAL NAME
Personal name Dey S K
700 ## - ADDED ENTRY--PERSONAL NAME
Personal name Mydin K K
700 ## - ADDED ENTRY--PERSONAL NAME
Personal name Nair R B
700 ## - ADDED ENTRY--PERSONAL NAME
Personal name Raman K A
700 ## - ADDED ENTRY--PERSONAL NAME
Personal name Soman T A
942 ## - ADDED ENTRY ELEMENTS (KOHA)
Koha item type Bibliography STAF
Holdings
Withdrawn status Lost status Damaged status Not for loan Home library Current library Shelving location Date acquired Koha item type
      Bibliography RRII Library RRII Library Botany 06/08/2012 Bibliography STAF